Astounding Stories of Super-Science January 1930 (Record no. 270733)
[ view plain ]
| 000 -LEADER | |
|---|---|
| fixed length control field | 00887cam a22002893a 4500 |
| 001 - CONTROL NUMBER | |
| control field | 41481 |
| 003 - CONTROL NUMBER IDENTIFIER | |
| control field | PGUSA |
| 005 - DATE AND TIME OF LATEST TRANSACTION | |
| control field | 20140828083931.0 |
| 008 - FIXED-LENGTH DATA ELEMENTS--GENERAL INFORMATION | |
| fixed length control field | 121125s2012||||xxu|||||s|||||000 | eng d |
| 040 ## - CATALOGING SOURCE | |
| Original cataloging agency | PGUSA |
| Language of cataloging | eng |
| 042 ## - AUTHENTICATION CODE | |
| Authentication code | dc |
| 245 10 - TITLE STATEMENT | |
| Title | Astounding Stories of Super-Science January 1930 |
| Medium | [electronic resource] |
| 260 ## - PUBLICATION, DISTRIBUTION, ETC. (IMPRINT) | |
| Name of publisher, distributor, etc | Project Gutenberg, |
| Date of publication, distribution, etc | 2012 |
| 506 ## - RESTRICTIONS ON ACCESS NOTE | |
| Terms governing access | Public domain in the USA. |
| 516 ## - TYPE OF COMPUTER FILE OR DATA NOTE | |
| Type of computer file or data note | Electronic text |
| 700 1# - ADDED ENTRY--PERSONAL NAME | |
| Personal name | Meek, S. P. |
| Fuller form of name | (Sterner St. Paul), |
| Dates associated with a name | 1894-1972 |
| 700 1# - ADDED ENTRY--PERSONAL NAME | |
| Personal name | Pelcher, Anthony, |
| Dates associated with a name | 1897-1981 |
| 700 1# - ADDED ENTRY--PERSONAL NAME | |
| Personal name | Leinster, Murray, |
| Dates associated with a name | 1896-1975 |
| 700 1# - ADDED ENTRY--PERSONAL NAME | |
| Personal name | Cummings, Ray, |
| Dates associated with a name | 1887-1957 |
| 700 1# - ADDED ENTRY--PERSONAL NAME | |
| Personal name | Staley, M. L. |
| 700 1# - ADDED ENTRY--PERSONAL NAME | |
| Personal name | Tench, C. V., |
| Dates associated with a name | 1892-1963 |
| 700 1# - ADDED ENTRY--PERSONAL NAME | |
| Personal name | Rousseau, Victor, |
| Dates associated with a name | 1879-1960 |
| 700 1# - ADDED ENTRY--PERSONAL NAME | |
| Personal name | Bates, Harry, |
| Dates associated with a name | 1900-1981 |
| 830 #0 - SERIES ADDED ENTRY--UNIFORM TITLE | |
| Uniform title | Project Gutenberg |
| Volume number/sequential designation | 41481 |
| 856 40 - ELECTRONIC LOCATION AND ACCESS | |
| Uniform Resource Identifier | <a href="http://www.gutenberg.org/ebooks/41481">http://www.gutenberg.org/ebooks/41481</a> |
| 942 ## - ADDED ENTRY ELEMENTS (KOHA) | |
| Koha item type | eBooks |
| Withdrawn status | Lost status | Damaged status | Home library | Current library | Date acquired | Total Checkouts | Date last seen | Price effective from | Koha item type |
|---|---|---|---|---|---|---|---|---|---|
| Project Gutenberg | Project Gutenberg | 08/28/2014 | 08/28/2014 | 08/28/2014 | eBooks |